000
00212nam a22000857a 4500
008
170601b xxu||||| |||| 00| 0 eng d
100
_9
3199
_a
Shankar. A
245
_a
The Story of Gandhi
260
_a
New Delhi
_b
CBT
_c
1969
999
_c
6511
_d
6511